Score 0/47 Timer 12:00
0 Plays Today
Series Opponent % Correct
Robot Wars: Series 8Carbide
64.7%
Robot Wars: Series 10Apollo
64.7%
Robot Wars: Series 10Eruption
64.7%
Robot Wars: The Sixth WarsRazer
58.8%
Robot Wars: Series 8Razer
58.8%
Robot Wars: Series 9Rapid
58.8%
Robot Wars: Series 10Rapid
58.8%
Robot Wars: The Fifth WarsMing 3
47.1%
Robot Wars: The Fifth WarsFluffy
41.2%
Robot Wars Extreme: Series 2Tornado
41.2%
Robot Wars Extreme: Series 2Tornado
41.2%
Robot Wars Extreme: Series 2Iron-Awe 2
41.2%
Robot Wars: Series 8Nuts
41.2%
Robot Wars: Series 8Nuts
41.2%
Robot Wars: Series 9Nuts 2
41.2%
Robot Wars: Series 10Iron-Awe 6
41.2%
Robot Wars: The Sixth WarsA-Kill
35.3%
Robot Wars: The Sixth WarsPanic Attack
35.3%
Robot Wars: The Sixth WarsFirestorm 4
35.3%
Robot Wars Extreme: Series 2Dantomkia
35.3%
Robot Wars Extreme: Series 2Dantomkia
35.3%
Robot Wars: Series 10Apex
35.3%
Robot Wars: Series 10Expulsion
35.3%
Robot Wars: The Sixth WarsSabretooth
29.4%
Series Opponent % Correct
Robot Wars: The Sixth WarsKronic 2
29.4%
Robot Wars: The Sixth WarsBigger Brother
29.4%
Robot Wars Extreme: Series 2S.M.I.D.S.Y.
29.4%
Robot Wars Extreme: Series 2Vader
29.4%
Robot Wars: Series 8Behemoth
29.4%
Robot Wars: Series 9Jellyfish
29.4%
Robot Wars: Series 9Sabretooth
29.4%
Robot Wars: Series 9Jellyfish
29.4%
Robot Wars: Series 10Vulture
29.4%
Robot Wars: Series 10Vulture
29.4%
Robot Wars: Series 10Big Nipper
29.4%
Robot Wars: Series 10Concussion
29.4%
Robot Wars: Series 10Sabretooth
29.4%
Robot Wars: Series 10Thor
29.4%
Robot Wars: Series 10Diotoir
29.4%
Robot Wars: The Sixth WarsSpawn Again
23.5%
Robot Wars Extreme: Series 2Barber-Ous 2
23.5%
Robot Wars: Series 8Kill-E-Crank-E
23.5%
Robot Wars: Series 9Aftershock
23.5%
Robot Wars: Series 10Track-tion
23.5%
Robot Wars: The Sixth WarsReptirron The Second
17.6%
Robot Wars: Series 10TMHWK
17.6%
Robot Wars: Series 10Rabid M8
11.8%
Remove Ads.
Support Sporcle.
Get the best of Sporcle when you Go Orange. This ad-free experience offers more features, more stats, and more fun while also helping to support Sporcle. Thank you for becoming a member.

You're not logged in!

Compare scores with friends on all Sporcle quizzes.
OR
Log In

Show Comments

Extras

Top Quizzes Today


Score Distribution

Your Account Isn't Verified!

In order to create a playlist on Sporcle, you need to verify the email address you used during registration. Go to your Sporcle Settings to finish the process.

Report this User

Report this user for behavior that violates our Community Guidelines.

Details: